Amendment to code of fair competition for the clay and shale roofing tile industry as approved on December 7, 1934.

Bibliographic Details
Corporate Author: United States. National Recovery Administration (Author)
Format: Government Document eBook
Language:English
Published: Washington : United States Government Printing Office, 1934.
Subjects:
Online Access:https://purl.fdlp.gov/GPO/gpo46972

MARC

Tag First Indicator Second Indicator Subfields
LEADER 00000cam a2200000 i 4500
001 in00003453021
005 20211120171903.0
006 m o d f
007 cr |||||||||||
008 130901s1934 dcu o f000 0 eng c
035 |a (OCoLC)ocn857368192 
042 |a dlr 
043 |a n-us--- 
040 |a OCLCE  |b eng  |e rda  |e pn  |c OCLCE  |d GPO  |d MvI 
049 |a WWW 
074 |a 9999 (online) 
086 0 |a Y 3.N 21/8:7 AP.389/AMDT.2 
110 1 |a United States.  |b National Recovery Administration,  |e author. 
245 1 0 |a Amendment to code of fair competition for the clay and shale roofing tile industry as approved on December 7, 1934. 
264 1 |a Washington :  |b United States Government Printing Office,  |c 1934. 
300 |a 1 online resource (7 pages) 
336 |a text  |b txt  |2 rdacontent 
337 |a computer  |b c  |2 rdamedia 
338 |a online resource  |b cr  |2 rdacarrier 
500 |a Title from title screen (viewed on March 24, 2014). 
500 |a Publication pre-dates item numbers. No item number has been assigned. 
500 |a "Approved code no. 389--Amendment no. 2." 
500 |a "Registry no. 1036-1-02." 
650 0 |a Roofing, Tile  |x Law and legislation  |z United States. 
776 0 8 |i Print version:  |a United States. National Recovery Administration.  |t Amendment to code of fair competition for the clay and shale roofing tile industry as approved on December 7, 1934  |w (OCoLC)63655097 
856 4 0 |u https://purl.fdlp.gov/GPO/gpo46972  |t 0 
999 f f |s 1622d5f8-94fe-3b95-8ca0-fc107caee18f  |i c9c54645-a56d-3b81-a79a-c11af26dd7d9  |t 0 
952 f f |a Texas A&M University  |b College Station  |c Electronic Resources  |d Available Online  |t 0  |e Y 3.N 21/8:7 AP.389/AMDT.2  |h Superintendent of Documents classification 
998 f f |a Y 3.N 21/8:7 AP.389/AMDT.2  |t 0  |l Available Online